Guía de anatomía e identificación de 50 especies maderables comerciales en Selva Central, Perú / (Registro nro. 62797)
[ vista simple ]
| 000 -LEADER | |
|---|---|
| campo de control de longitud fija | 02069nam a2200385 a 4500 |
| 001 - NÚMERO DE CONTROL | |
| campo de control | C00612690 |
| 003 - IDENTIFICADOR DE NÚMERO DE CONTROL | |
| campo de control | PE-LiUPU |
| 005 - FECHA Y HORA DE LA ÚLTIMA TRANSACCIÓN | |
| campo de control | 20241220084304.0 |
| 008 - DATOS DE LONGITUD FIJA--INFORMACIÓN GENERAL | |
| campo de control de longitud fija | 241220b |||||||| |||| 00| 0 spa d |
| 020 ## - NÚMERO INTERNACIONAL ESTÁNDAR DEL LIBRO | |
| Número Internacional Estándar del Libro | 9786124443428 |
| 040 ## - FUENTE DE CATALOGACIÓN | |
| Centro catalogador/agencia de origen | pelibn |
| Lengua de catalogación | spa |
| Normas de descripción | rda |
| Centro/agencia transcriptor | PE-LiUPU |
| Centro/agencia modificador | PE-LiUPU |
| 082 04 - NÚMERO DE LA CLASIFICACIÓN DECIMAL DEWEY | |
| Número de clasificación | 575.460985 |
| Cutter | F383g |
| Número de edición | 23 |
| 100 1# - ENTRADA PRINCIPAL--NOMBRE DE PERSONA | |
| Nombre de persona | Ferreira, Cassiana Alves, |
| Término indicativo de función/relación | autor. |
| 245 10 - MENCIÓN DEL TÍTULO | |
| Título | Guía de anatomía e identificación de 50 especies maderables comerciales en Selva Central, Perú / |
| Mención de responsabilidad, etc. | Cassiana Alves Ferreira, Gaby Inga Guillen. |
| 250 ## - MENCION DE EDICION | |
| Mención de edición | Primera edición. |
| 264 31 - PRODUCCIÓN, PUBLICACIÓN, DISTRIBUCIÓN, FABRICACIÓN Y COPYRIGHT | |
| Producción, publicación, distribución, fabricación y copyright | Huancayo : |
| Nombre del de productor, editor, distribuidor, fabricante | Universidad Continental, Fondo Editorial ; |
| Fecha de producción, publicación, distribución, fabricación o copyright | 2022. |
| 300 ## - DESCRIPCIÓN FÍSICA | |
| Extensión | 163 páginas : |
| Otras características físicas | ilustraciones en color, retratos ; |
| Dimensiones | 25 cm. |
| 336 ## - TIPO DE CONTENIDO | |
| Término de tipo de contenido | Texto |
| Fuente | rdacontent |
| 337 ## - TIPO DE MEDIO | |
| Nombre/término del tipo de medio | sin mediación |
| Fuente | rdamedia |
| 338 ## - TIPO DE SOPORTE | |
| Nombre/término del tipo de soporte | volumen |
| Fuente | rdacarrier |
| 504 ## - NOTA DE BIBLIOGRAFÍA, ETC. | |
| Nota de bibliografía, etc. | Bibliografía: páginas 161-163. |
| 505 ## - NOTA DE CONTENIDO CON FORMATO | |
| Nota de contenido con formato | Introducción -- Caracterización e identificación de maderas tropicales -- Fichas descriptivas de 50 especies maderables de Selva Central, Perú -- Clave de identificación de 50 especies maderables. |
| 530 ## - NOTA DISPONIBLE DE FORMULARIO FÍSICO ADICIONAL | |
| Nota de formato físico adicional disponible | Disponible también en formato PDF. |
| 650 18 - PUNTO DE ACCESO ADICIONAL DE MATERIA--TÉRMINO DE MATERIA | |
| Término de materia o nombre geográfico como elemento de entrada | Madera |
| Subdivisión geográfica | Perú |
| -- | Región de la selva |
| Subdivisión de forma | Anatomía. |
| 650 28 - PUNTO DE ACCESO ADICIONAL DE MATERIA--TÉRMINO DE MATERIA | |
| Término de materia o nombre geográfico como elemento de entrada | Madera |
| Subdivisión geográfica | Perú |
| -- | Región de la selva |
| Subdivisión de forma | Identificación. |
| 650 28 - PUNTO DE ACCESO ADICIONAL DE MATERIA--TÉRMINO DE MATERIA | |
| Término de materia o nombre geográfico como elemento de entrada | Árboles maderables |
| Subdivisión geográfica | Perú |
| -- | Región de la selva. |
| 700 1# - ENTRADA AGREGADA--NOMBRE PERSONAL | |
| Nombre de persona | Inga Guillen, Gaby, |
| Fechas asociadas al nombre | 1987-, |
| Término indicativo de función/relación | autor. |
| 710 2# - ENTRADA AGREGADA--NOMBRE DE ENTIDAD CORPORATIVA | |
| Nombre de entidad corporativa o nombre de jurisdicción como elemento de entrada | Universidad Continental (Huancayo), |
| Término indicativo de función/relación | entidad editora. |
| 710 2# - ENTRADA AGREGADA--NOMBRE DE ENTIDAD CORPORATIVA | |
| Nombre de entidad corporativa o nombre de jurisdicción como elemento de entrada | Programa Nacional de Investigación Científica y Estudios Avanzados (Lima), |
| Término indicativo de función/relación | entidad editora. |
| 776 0# - ENTRADA DE FORMULARIO FÍSICO ADICIONAL | |
| Información de relación | Versión en línea: |
| Título | Guía de anatomía e identificación de 50 especies maderables comerciales en Selva Central, Perú. |
| Encabezamiento principal | Huancayo : Universidad Continental, 2022. |
| Número Internacional Estándar del Libro | (ISBN) 9786124443435 |
| Número de control del registro | (MFN) 638633 |
| 942 ## - ELEMENTOS DE ENTRADA SECUNDARIOS (KOHA) | |
| Fuente del sistema de clasificación o colocación | Clasificación Decimal Dewey |
| Tipo de ítem Koha | Libros físicos |
| Suprimir en OPAC | No |
| 980 ## - EQUIVALENCIA O REFERENCIA-CRUZADA-MENCIÓN DE SERIE--NOMBRE DE PERSONA/TÍTULO [LOCAL, CANADÁ] | |
| ID del usuario creador del registro | 18226 |
| Nombre del creador del registro | Jaime Vilcazán Jefe de Análisis Documental |
| ID del último usuario que modificó el registro | 18226 |
| Nombre del último usuario que modificó el registro | Jaime Vilcazán Jefe de Análisis Documental |
No hay ítems disponibles.